Autotrophic micro-organisms

Zapisane w:
Opis bibliograficzny
Format: Książka
Język:angielski
Wydane: Cambridge The University Press 1954
Hasła przedmiotowe:
Etykiety: Dodaj etykietę
Nie ma etykietki, Dołącz pierwszą etykiete!

MARC

LEADER 00000nam a2200000 a 4500
001 UCV7212
003 CL-VaPUC
008 890908e19540000UK |||||||||||||||||eng|d
082 0 4 |a 576  |b AUT  |2 21 
245 1 0 |a Autotrophic micro-organisms 
300 |a 305 p 
942 |c BK 
945 |d 19890908 00:00:00 
260 |a Cambridge  |b The University Press  |c 1954 
650 0 |a Microorganismos  |9 264259 
650 7 |a CONGRESOS, CONFERENCIAS,ETC  |2 CL-VaPUC  |9 255444 
583 |a last modification  |c 20120517 11:37:05  |k Rodrigo Vera 
999 |c 212930  |d 212928